Entry Nombre personal
001 - NÚMERO DE CONTROL
- campo de control: 56804
003 - IDENTIFICADOR DE NÚMERO DE CONTROL
- campo de control: SpMaBN
005 - FECHA Y HORA DE LA ÚLTIMA TRANSACCIÓN
- campo de control: 20231226140145.0
008 - ELEMENTOS DE DATO DE LONGITUD-FIJA
- campo de control de longitud fija: 901120nn aijnnaabn a aaa
016 ## - NÚMERO DE CONTROL DE UNA AGENCIA BIBLIOGRÁFICA NACIONAL
- Número de control del registro: BNE19900067733
024 7# - IDENTIFICADOR DE OTROS ESTÁNDARES
- Número estándar o código: http://viaf.org/viaf/5184299/
- Fuente: viaf
024 8# - IDENTIFICADOR DE OTROS ESTÁNDARES
- Número estándar o código: https://data.cervantesvirtual.com/person/2796
024 7# - IDENTIFICADOR DE OTROS ESTÁNDARES
- Número estándar o código: https://isni.org/isni/0000000066385098
- Fuente: isni
024 7# - IDENTIFICADOR DE OTROS ESTÁNDARES
- Número estándar o código: http://www.wikidata.org/entity/Q2667042
- Fuente: wikidata
040 ## - FUENTE DE CATALOGACIÓN
- Centro catalogador/agencia de origen: SpMaBN
- Lengua de catalogación: spa
- Centro/agencia transcriptor: SpMaBN
- Normas de descripción: rdc
- Convención/Normas de encabezamiento de materia/tesauro: embne
046 ## - FECHAS CON CODIFICACIÓN ESPECIAL
- Fecha de nacimiento: 1793
- Fecha de la muerte: 1861
100 1# - ENCABEZAMIENTO-NOMBRE DE PERSONA
- Nombre de persona: Gil y Zárate, Antonio,
- Fechas asociadas al nombre: 1793-1861
370 ## - LUGAR ASOCIADO
- Lugar de nacimiento: Madrid, España
- Fuente de información: (Wikidata)
- Número de control del registro de autoridad o número normalizado: XX450543
373 ## - GRUPO ASOCIADO
- Grupo asociado: Real Academia Española
- Grupo asociado: Romanticismo
- Fuente de información: Wikidata
373 ## - GRUPO ASOCIADO
- Grupo asociado: Ateneo de Madrid
- Fuente de información: Galería de Retratos (2018)
374 ## - OCUPACIÓN
- Ocupación: Traductores
- Ocupación: Dramaturgos
- Ocupación: Escritores
- Fuente de información: Wikidata
375 ## - GÉNERO/SEXO
- Género: Masculino
377 ## - IDIOMA ASOCIADO
- Término de lengua/lenguaje: Español
400 1# - TRAZADO DE VÉASE--NOMBRE DE PERSONA
- Nombre de persona: Gil de Zárate, Antonio,
- Fechas asociadas al nombre: 1793-1861
670 ## - FUENTE DE DATOS ENCONTRADOS
- Cita de la fuente: El Gran Capitán, 1843
- Información encontrada: port. (por Antonio Gil y Zárate)
670 ## - FUENTE DE DATOS ENCONTRADOS
- Cita de la fuente: De la instrucción pública en España, 1995 (facs.: 1855)
- Información encontrada: port. (por Antonio Gil de Zárate)
670 ## - FUENTE DE DATOS ENCONTRADOS
- Cita de la fuente: Palau
- Información encontrada: (Gil y Zárate, Antonio)
670 ## - FUENTE DE DATOS ENCONTRADOS
- Cita de la fuente: Dic. enc. Espasa
- Información encontrada: (Gil y Zárate, Antonio; autor dramático; n. en El Escorial, m. en Madrid (1793-1861))
670 ## - FUENTE DE DATOS ENCONTRADOS
- Cita de la fuente: Dic. de escritores célebres, 1995
- Información encontrada: (Gil y Zárate, Antonio; dramaturgo (El Escorial, 1793-Madrid, 1861); fue Director General de Enseñanza)
678 ## - DATOS BIOGRÁFICOS O HISTÓRICOS
- Datos biográficos o históricos: Socio del Ateneo de Madrid
- Ampliación de la nota: Fuente: Galería de Retratos (2018)
